000 02002nam a2200409 i 4500
001 193384
003 ES-MaACL
005 20250712063140.0
007 ta
008 231113b sp ||||| |||| 00| 0 spa d
017 _aM 3483-2023
_bOficina Depósito Legal Madrid
020 _a9788412178180
040 _bspa
_cES-MaACL
080 _a821.134.2-31"19"
100 1 _9234543
_aBilbao, Daniel,
_d1960-
_eaut
245 1 3 _aEl brazo de Dios /
_cDaniel Bilbao
246 _aLas crónicas de Güilliam de Canford
260 _aMadrid :
_bMong,
_c2023
300 _a194 páginas ;
_c23 cm
336 _2rdacontent
_aTexto
337 _2rdamedia
_asin mediación
338 _2rdacarrier
_avolumen
490 1 _aLas crónicas de Güilliam de Canford ;
_v(quinta crónica-Burgos)
500 _aEn contracub.: "Una novela negra de la Edad Media"
500 _aQuinto libro de la saga Las crónicas de Güilliam de Canford
520 _a Regresa Güilliam de Canford con nuevas aventuras y misterios En la quinta crónica del arquero sin dedos nos encontramos con unos variopintos peregrinos salidos de los Cuentos de Canterbury y un asombroso crimen dónde cada uno de ellos de convierte en sospechoso. Güilliam de Canford, con su humor negro y propensión a la violencia nos guía, con la inestimable ayuda de la Gatusa, de sobresalto en sobresalto hasta la revelación final.
655 7 _aNovelas históricas
_2tgfbne
_9226782
655 7 _9226784
_aNovelas negras
852 _aES-MaACL
_bR. 154761
_cDEPOJ
_jN-9540
_9200830
_gDedicatoria autógrafa del autor
_hDonación: Daniel Bilbao
_xEncuadernación rústica con solapas
903 _9234543
_aBilbao, Daniel,
_d1960-
_ednr
942 _n0
_cMONOGRAFIA
999 _c193384
_d193384